| 000 | 00623pam a2200217 a 4500 | ||
|---|---|---|---|
| 001 | TB12408 | ||
| 003 | IN-BhIIT | ||
| 005 | 20251202125447.0 | ||
| 008 | 910528s1992 enk b 001 0 eng | ||
| 020 | _a9780521367684 (PBK) | ||
| 040 | _aIN-BhIIT | ||
| 041 | _aeng | ||
| 082 | 0 | 0 |
_a193 _bGUY/C |
| 245 | 0 | 4 |
_aThe cambridge companion to kant / _cedited by Paul Guyer. |
| 260 |
_aNew York : _bCambridge University Press, _c1992. |
||
| 300 |
_axii, 482 p. ; _c23 cm. |
||
| 504 | _aIncludes bibliographical references and index. | ||
| 650 |
_aPhilosophy _926746 |
||
| 700 | 1 |
_aGuyer, Paul, _eEditor _926084 |
|
| 942 |
_cTB _01 |
||
| 999 |
_c14669 _d14669 |
||